Centrálna zóna, Pezinok

Salvato in:
Dettagli Bibliografici
Autore principale: Minárik, Michal (Autore)
Altri autori: Bašová, Silvia (Relatore della tesi)
Natura: Manoscritto Libro
Lingua:slovacco
Pubblicazione: 2024
Soggetti:
Accesso online:http://is.stuba.sk/zp/portal_zp.pl?podrobnosti=155663
Tags: Aggiungi Tag
Nessun Tag, puoi essere il primo ad aggiungerne!!

MARC

LEADER 00000ntm a22000003a 4500
001 stuzp98843
003 SK-STU
005 20240615211236.5
007 ta
008 150427s2015----xo-----f-mn---000-0-slo-d
040 |a STU  |b slo 
041 0 |a slo 
100 1 |a Minárik, Michal  |u 056160  |4 aut  |U FAD Fakulta architektúry a dizajnu  |T FAD Ústav urbanizmu a územného plánovania  |X 103594  |U A6160  |Y 397  |7 103594 
242 0 1 |a City Centre Public Space, Pezinok  |y eng 
245 1 0 |a Centrálna zóna, Pezinok 
260 |c 2024 
650 4 |a verejný priestor  |2 slo 
650 4 |a návrh  |2 slo 
650 4 |a námestie  |2 slo 
650 4 |a public space  |2 eng 
650 4 |a square  |2 eng 
650 4 |a blueprint  |2 eng 
700 1 |a Bašová, Silvia  |4 ths  |X 376  |7 A000000376 
856 4 |u http://is.stuba.sk/zp/portal_zp.pl?podrobnosti=155663